[Event "Katowice POL-HUN 10th"]
[Site "Katowice"]
[Date "2023.09.09"]
[Round "3"]
[White "Orzechowski, Jacek"]
[Black "Skawinski, Arkadiusz"]
[Result "0-1"]
[WhiteElo "2053"]
[BlackElo "2343"]
[PlyCount "52"]
[EventDate "2023.09.09"]
[EventType "swiss (rapid)"]
[EventRounds "9"]
[EventCountry "POL"]
[SourceTitle "CBM 216 Extra"]
[Source "ChessBase"]
[SourceDate "2023.11.30"]
[SourceVersion "1"]
[SourceVersionDate "2023.11.30"]
[SourceQuality "1"]

1. c4 e6 2. Nc3 d5 3. cxd5 exd5 4. d4 c6 5. Bf4 Bd6 6. Bg3 Bf5 7. e3 Nf6 8. Bd3 Bxd3 9. Qxd3 0-0 10. Nge2 Re8 11. 0-0 a5 12. f3 Na6 13. Rae1 Bf8 14. Bh4 Be7 15. Ng3 Qd7 16. Nf5 Bd8 17. a3 g6 18. Ng3 h6 19. Nh1 Nh5 20. Bf2 Bf6 21. g4 Ng7 22. Ng3 Rad8 23. Rd1 Ne6 24. Kg2 Bxd4 25. Nge2 Bg7 26. Bg3 Qe7 0-1

[Event "Titled Tuesday intern op 20th Jun Early"]
[Site "Chess.com INT"]
[Date "2023.06.20"]
[Round "2"]
[White "Skawinski, Arkadiusz"]
[Black "Lazavik, Denis"]
[Result "0-1"]
[WhiteElo "2346"]
[BlackElo "2553"]
[PlyCount "35"]
[EventDate "2023.06.20"]
[EventType "swiss (blitz)"]
[EventRounds "11"]
[EventCountry "USA"]
[SourceTitle "EXT 2024"]
[Source "ChessBase"]
[SourceDate "2023.10.10"]
[SourceVersion "1"]
[SourceVersionDate "2023.10.10"]
[SourceQuality "1"]

1. e4 c5 2. Nf3 e6 3. c3 d5 4. exd5 Qxd5 5. d4 Nf6 6. Be3 cxd4 7. cxd4 Bb4+ 8. Nc3 Qa5 9. Rc1 Qxa2 10. Qc2 Nd5 11. Bb5+ Bd7 12. 0-0 Bxc3 13. Bxd7+ Nxd7 14. bxc3 Qxc2 15. Rxc2 b5 16. c4 bxc4 17. Rxc4 Ke7 18. Rc7 0-1